000 01525nam a22003137a 4500
001 00260
003 DO-SdBNP
005 20151217115341.0
008 151217b 2011 sp xxu||||| |||| 00| 0 spa d
020 _a9789586642354
040 _aBPMSU
_bsp
_cBPMSU
092 _axxxxx
_bxxxxx
110 1 _baBanco de la República.
_bMuseo de Arte Banco de la Republica (Bogotá)
245 1 0 _aLeón Ferrari /
_cMuseo de Arte Banco de la República, 30 de marzo al 4 de julio de 2011 ; Fundación Augusto y León Ferrari Arte y Acervo ; coordinación curatorial María Wills Londoño ; fotografía Adrián Rocha Novoa ... [et al.].
250 _aEdición Julieta Zamorano Ferrari, Paloma Zamorano Ferrari.
260 _aBogotá :
_bBanco de la República,
_c2011.
300 _a165 p. :
_bil.,
_c27 cm.
490 1 _aBanco de la República
505 0 _aAcerca de la Fundación Augusto y León Ferrari Arte y Acervo -- El poder de las imágenes: León Ferrari y los públicos de arte / Andrea Giunta -- Arte y poder / León Ferrari -- Diarios -- Prismas y rectángulos -- Brasil -- La palabra -- Eva -- Música -- Cabeza de Leon / Miguel Rep -- Augusto Ferrari.
700 1 2 _aWills, María Emma
700 1 2 _aRocha Novoa, Adrián,
_efot.
700 1 2 _aZamorano Ferrari, Julieta,
_eed.
700 1 2 _aZamorano Ferrari, Paloma,
_eed.
710 _aFundación Augusto y León Ferrari Arte y Acervo.
830 0 _aBanco de la República
910 _a00260
942 _2ddc
_cBK
956 _aLorenza Pérez
_b10
999 _c9137
_d9137